Vista normal
Vista MARC
Entrada Topical Term
Número de registros utilizados en: 1
001 - CONTROL NUMBER
- control field: 41207
003 - CONTROL NUMBER IDENTIFIER
- control field: OSt
005 - DATE AND TIME OF LATEST TRANSACTION
- control field: 20211019155021.0
008 - FIXED-LENGTH DATA ELEMENTS
- fixed length control field: 211019|| aca||aabn | a|a d
040 ## - CATALOGING SOURCE
- Original cataloging agency: OSt
- Transcribing agency: OSt
150 ## - HEADING--TOPICAL TERM
- Topical term or geographic name entry element: Tecnología
- General subdivision: Investigaciones
- Chronological subdivision: 1925-1975
- Geographic subdivision: Colombia
670 ## - SOURCE DATA FOUND
- Source citation: Work cat.: (OSt)8614: Poveda Ramos, Gabriel, 17787 autor, Políticas económicas, desarrollo industrial y tecnología en Colombia : , 1979